000 00770nam a22002177a 4500
008 081128t xxu||||| |||| 00| 0 eng d
010 _aENG-91909
020 _a9788171324156
_c575.00
020 _a8171324150
_c575.00
035 _aEN-75442
037 _bDBAD / PUB
040 _adpl
_bEnglish
082 _a371.926
100 _aPrasad, S.B.
245 _aEducational training of slow learners /
_cby S.B. Prasad
260 _aJaipur
_bPointer Publishers
_c2005
300 _avi, 224p.
_c22cm (Hb)
650 _aSlow learning children.
942 _2ddc
_cEN
_mPRA
_h371.926
999 _c19293
_d19293